000 00585nam a2200181Ia 4500
008 090123s9999 xx 000 0 und d
082 _b21989
_a923.254/भट
100 _aभट विठ्ठलराय
245 _aचेराबंडा राजू
250 _a1
260 _bअनुराधा प्रकाशन
_c1992
300 _a28
600 _aभट विठ्ठलराय
630 _aचेराबंडा राजू
700 _aभट विठ्ठलराय
730 _aचेराबंडा राजू
942 _cBOOK
999 _c60061
_d60061